| 000 | 00357nam a22001337a 4500 | ||
|---|---|---|---|
| 005 | 20230726121921.0 | ||
| 008 | 230726b |||||||| |||| 00| 0 eng d | ||
| 041 | _aeng | ||
| 100 |
_aHELLENIC REPUBLIC _97879 |
||
| 245 | _aCODEX: HELLENIC INSTITUTE OF BYZANTINE AND POST BYZANTINES STUDIES IN VENICE | ||
| 260 |
_aATHENS _c2022 |
||
| 300 | _a88;p | ||
| 942 | _cBK | ||
| 999 |
_c8340 _d8338 |
||